Ocenenie zásluh národného umelca Rad Víťazného februára Jánovi Cikkerovi

Bibliographic Details
Format: Article
Language:Slovak
Subjects:

MARC

LEADER 00000nab a2200000 a 4500
001 vtls000091048
003 SK-MaSNL
005 20260304015129.0
008 111103c1981 xo 0 slo
015 |a SNBRB19rr/mm-uuuuu 
035 |a CL0101151 
040 |a SNKBUCL  |b slo  |c SNKBUCL  |e AACR2 
041 0 |a slo 
044 |a xo  |c SK 
080 |a 78.071  |2 1981 
080 |a 331.97  |2 1981 
245 0 0 |a Ocenenie zásluh národného umelca  |b Rad Víťazného februára Jánovi Cikkerovi 
600 1 7 |a Cikker, Ján,  |d 1911-1989  |2 snkbucl  |9 119811 
655 7 |a články z novín a časopisov  |2 snkbucl  |9 267496 
773 0 |t Pravda  |g Roč. 62, č. 178 (30. 7. 1981), s. 1 
850 |a Slovenská národná knižnica v Martine  |a MTA001 
852 |a SNK  |b KIS3GCP 
958 |a RK 
992 |a RBX 
999 |c 2589862  |d 2591792